LEADER 01629nam 2200433 450 001 9910702925103321 005 20230902162034.0 035 $a(CKB)3450000000002689 035 $a(NjHacI)993450000000002689 035 $a(OCoLC)312463783 035 $a(EXLCZ)993450000000002689 100 $a20221031d2008 uy 0 101 0 $aeng 135 $aur||||||||||| 181 $ctxt$2rdacontent 182 $cc$2rdamedia 183 $acr$2rdacarrier 200 10$aAssessment and management of acute pain in adult medical inpatients $ea systematic review /$fMark Helfand and Michele Freeman 210 1$aWashington, D.C. :$cDepartment of Veterans Affairs (US),$d2008. 215 $a1 online resource 225 1 $aEvidence-based synthesis program 300 $aTitle from title screen (VA.gov, viewed Mar. 5, 2009). 300 $a"April 2008." 320 $aIncludes bibliographical references (pages 39-45). 410 0$aEvidence-based synthesis program (Series) 517 $aAssessment and Management of Acute Pain in Adult Medical Inpatients 606 $aHospital patients 615 0$aHospital patients. 676 $a362.11 700 $aHelfand$b Mark$01352739 702 $aFreeman$b Michele 712 02$aUnited States.$bDepartment of Veterans Affairs.$bHealth Services Research and Development Service. 712 02$aOregon Health & Science University.$bEvidence-based Practice Center. 801 0$bNjHacI 801 1$bNjHacl 906 $aBOOK 912 $a9910702925103321 996 $aAssessment and management of acute pain in adult medical inpatients$93199556 997 $aUNINA LEADER 00843nam0-2200289 --450 001 9910739200103321 005 20230908175342.0 010 $a978-88-93573-65-8 100 $a20230908d2021----kmuy0itay5050 ba 101 0 $aita 102 $aIT 105 $a 001yy 200 1 $a<>archivi tra storia uso e futuro$edentro la società$fFederico Valacchi 205 $aEdizione riveduta e aggiornata 210 $aMilano$cEditrice Bibliografica$d2021 215 $a229 p.$d21 cm 225 1 $aInarchivio$v4 610 0 $aArchivistica 676 $a025.1714$v21 700 1$aValacchi,$bFederico$0326639 801 0$aIT$bUNINA$gREICAT$2UNIMARC 901 $aBK 912 $a9910739200103321 952 $a020.7 BSI (029)$b2023/1200$fFLFBC 959 $aFLFBC 996 $aArchivi tra storia uso e futuro$91750951 997 $aUNINA